|
|
|
|
| LEADER |
00000nam a2200000 a 4500 |
| 001 |
vtls001329378 |
| 003 |
SK-MaSNL |
| 005 |
20260301235645.0 |
| 008 |
240314s1968 xo 0 und |
| 035 |
|
|
|a SNK000282222
|
| 040 |
|
|
|a SNK
|b slo
|c SNK
|e AACR2
|
| 044 |
|
|
|a xo
|c SK
|
| 100 |
1 |
|
|a Bulgakov, Michail Afanasievič,
|d 1891-1940
|4 aut
|9 121214
|
| 245 |
1 |
0 |
|a Majster a Margaréta
|
| 260 |
|
|
|a Bratislava
|b Slovenský spisovateľ
|c 1968
|
| 300 |
|
|
|a 383 s.
|
| 958 |
|
|
|a OND
|
| 999 |
|
|
|c 976049
|d 977979
|
| 952 |
|
|
|a SNK
|b SNK
|y PREZ
|7 0
|p 17A0136277
|o snkSD 34560
|i snkKSP 2179/69
|0 0
|1 0
|4 0
|d 1998-04-28
|l 0
|r 2005-01-02 00:00:00
|w 2026-02-24
|
| 952 |
|
|
|a SNK
|b SNK
|y VYP
|7 0
|p 17A1344613
|o snkSD 34560 D1
|i snkKSP 2180/69
|0 0
|1 0
|4 0
|d 1998-05-18
|l 0
|r 2005-01-02 00:00:00
|w 2026-02-24
|